Beyond history for historical consciousness. Students, Narrative, and Memory.

Guardat en:
Dades bibliogràfiques
Autors principals: Lévesque, Stéphane (Autor), Croteau, Jean-Philippe (Autor)
Altres autors: Létourneau, Jocelyn (foreword)
Format: Desconegut
Publicat: Toronto, Canada: University of Toronto Press, 2020.
Matèries:
Etiquetes: Afegir etiqueta
Sense etiquetes, Sigues el primer a etiquetar aquest registre!

MARC

LEADER 00000 a2200000 4500
003 CL-VaPUC
005 20230808145148.0
008 230725t2020 ||||| |||| 00| 0 eng d
999 |c 441405  |d 441403 
020 |a 978-1-4875-2453-1 
040 |c Pontificia Universidad Católica de Valparaíso 
082 7 |a 971 LEV 2020  |2 22 
100 |a Lévesque, Stéphane   |9 883868  |e author 
245 |a Beyond history for historical consciousness.   |b Students, Narrative, and Memory. 
260 |a Toronto, Canada:  |b University of Toronto Press,  |c 2020. 
300 |a xiv, 197 páginas. 
583 |k GC  |c 20230725 
650 |a Estudiantes canadienses   |x Conciencia histórica   |y Siglo 21  |z Québec  |z Ontario   |9 883890 
650 0 |a Memoria colectiva  |x Estudiantes canadienses  |9 548864 
651 |a Canadá  |x Historia   |x Opinión pública  |9 883891 
700 |a Croteau, Jean-Philippe  |e author  |9 883876 
700 |a Létourneau, Jocelyn  |e foreword  |9 883877 
942 |2 ddc  |c BK 
952 |0 0  |1 0  |2 ddc  |4 0  |6 971_000000000000000_LEV_2020  |7 0  |8 A  |9 590954  |a BIBHIS  |b BIBHIS  |c GEN  |d 2023-07-25  |e 108  |g 36052.00  |i 5658131  |o 971 LEV 2020  |p 5658131  |r 2025-01-20  |t 1  |v 36052.00  |w 2023-07-25  |y BK  |k HIS